[Event "Nordisk Senior Mesterskab 2013"]
[Site "Allinge"]
[Date "2013.09.07"]
[Round "1"]
[White "Olafsson, Fridrik"]
[Black "Johnsen, Gunnar"]
[Result "1/2-1/2"]
[WhiteElo "2407"]
[BlackElo "2171"]
[PlyCount "41"]
[EventDate "2013.??.??"]

1. Nf3 f5 2. g3 Nf6 3. Bg2 g6 4. c4 Bg7 5. d4 O-O 6. Nc3 d6 7. O-O c6 8. Qd3
Na6 9. b3 Bd7 10. a3 Rb8 11. b4 b5 12. cxb5 cxb5 13. Rb1 Nc7 14. d5 Ne4 15. Nd4
Nxc3 16. Qxc3 Rc8 17. Qd3 Qe8 18. Be3 Qf7 19. Nb3 a6 20. Bd4 f4 21. gxf4
1/2-1/2

[Event "Nordisk Senior Mesterskab 2013"]
[Site "Allinge"]
[Date "2013.09.07"]
[Round "1"]
[White "Petersson, Gosta"]
[Black "Kristiansen, Jens"]
[Result "0-1"]
[WhiteElo "2167"]
[BlackElo "2403"]
[PlyCount "94"]
[EventDate "2013.??.??"]

1. c4 g6 2. Nc3 Bg7 3. g3 e5 4. Bg2 d6 5. e3 Nf6 6. Nge2 O-O 7. O-O Re8 8. d3
c6 9. b4 d5 10. cxd5 cxd5 11. d4 e4 12. Qb3 Nc6 13. Bd2 Bf5 14. Rfc1 Qd7 15.
Nf4 Rad8 16. Qa4 g5 17. Nfe2 Ra8 18. b5 Ne7 19. Rab1 b6 20. Bf1 Bh3 21. Qd1
Rac8 22. Bxh3 Qxh3 23. Qf1 Qd7 24. a4 Nf5 25. Na2 Nd6 26. Bb4 Nc4 27. Qd1 Qh3
28. Qf1 Qf5 29. h3 Qf3 30. Kh2 h5 31. Ng1 Qf5 32. Qe2 Qe6 33. Nc3 h4 34. Nd1
hxg3+ 35. fxg3 g4 36. Nf2 Bh6 37. Bd2 gxh3 38. Ngxh3 Kg7 39. Kg2 Rg8 40. Rg1
Kf8 41. Bc1 Ke7 42. Kf1 Rg6 43. Nf4 Bxf4 44. gxf4 Rxg1+ 45. Kxg1 Rg8+ 46. Kf1
Qf5 47. Qe1 Qg6 0-1

[Event "Nordisk Senior Mesterskab 2013"]
[Site "Allinge"]
[Date "2013.09.07"]
[Round "1"]
[White "Sloth, Jorn"]
[Black "Grabow, Pouelsten Holm"]
[Result "1-0"]
[WhiteElo "2330"]
[BlackElo "2157"]
[PlyCount "83"]
[EventDate "2013.??.??"]

1. d4 d5 2. c4 e6 3. Nf3 Nf6 4. g3 Bb4+ 5. Bd2 Be7 6. Bg2 O-O 7. Qc2 b6 8. cxd5
exd5 9. Nc3 Bb7 10. Ne5 Nbd7 11. Nd3 Re8 12. Nf4 Nf8 13. O-O Ng6 14. Nxg6 hxg6
15. Rad1 Qd7 16. Bg5 Bb4 17. Bxf6 gxf6 18. e3 Rad8 19. a3 Bf8 20. Rfe1 Kg7 21.
b4 Rc8 22. Qb3 Red8 23. a4 Qd6 24. Rb1 c6 25. Red1 Ba6 26. b5 cxb5 27. Nxb5
Bxb5 28. Qxb5 Rc4 29. a5 bxa5 30. Qxa5 Qc7 31. Rb5 Qxa5 32. Rxa5 Rc7 33. Rda1
Rb8 34. Bxd5 Rb2 35. Rxa7 Bd6 36. Rxc7 Bxc7 37. Ra7 Rc2 38. g4 Kf8 39. h4 Kg7
40. Kg2 Rc1 41. Kf3 f5 42. Ke2 1-0

[Event "Nordisk Senior Mesterskab 2013"]
[Site "Allinge"]
[Date "2013.09.07"]
[Round "1"]
[White "Nyberg, Ulf"]
[Black "Westerinen, Heikki"]
[Result "0-1"]
[WhiteElo "2130"]
[BlackElo "2281"]
[PlyCount "56"]
[EventDate "2013.??.??"]

1. e4 e6 2. Nf3 d5 3. e5 c5 4. b4 cxb4 5. a3 d4 6. Bb2 Nc6 7. Bb5 Bd7 8. O-O
bxa3 9. Nxa3 Bc5 10. c3 dxc3 11. Bxc3 a6 12. Be2 b5 13. Nc2 Nge7 14. d4 Bb6 15.
Ne3 O-O 16. Qb3 Qc7 17. Rfc1 Qb7 18. Bd3 Rfd8 19. Qb1 h6 20. Be4 Qa7 21. Bb4
Rac8 22. Bc5 Nxd4 23. Bxe7 Rxc1+ 24. Qxc1 Ne2+ 25. Kf1 Nxc1 26. Bxd8 Bxe3 27.
fxe3 Qxe3 28. Ba5 b4 0-1

[Event "Nordisk Senior Mesterskab 2013"]
[Site "Allinge"]
[Date "2013.09.07"]
[Round "1"]
[White "Sorensen, Bent"]
[Black "Hvenekilde, Jorgen"]
[Result "1/2-1/2"]
[WhiteElo "2257"]
[BlackElo "2120"]
[PlyCount "54"]
[EventDate "2013.??.??"]

1. Nf3 d6 2. c4 g6 3. Nc3 Bg7 4. g3 Nd7 5. Bg2 a6 6. O-O Rb8 7. a4 e6 8. d4 Ne7
9. e4 h6 10. Be3 g5 11. h4 gxh4 12. Nxh4 Nf6 13. Qe2 Ng6 14. Nxg6 fxg6 15. e5
dxe5 16. dxe5 Nd7 17. Be4 Nxe5 18. f4 Nf7 19. Bxg6 O-O 20. Rad1 Qf6 21. Bb1 Rd8
22. Qc2 b6 23. Rxd8+ Qxd8 24. f5 exf5 25. Nd5 c6 26. Bf4 Rb7 27. Ne3 Qd4
1/2-1/2

[Event "Nordisk Senior Mesterskab 2013"]
[Site "Allinge"]
[Date "2013.09.07"]
[Round "1"]
[White "Gromark, Per Olof"]
[Black "Malmdin, Nils Ake"]
[Result "0-1"]
[WhiteElo "2118"]
[BlackElo "2230"]
[PlyCount "78"]
[EventDate "2013.??.??"]

1. Nf3 g6 2. d4 Bg7 3. c4 c5 4. Nc3 cxd4 5. Nxd4 Nc6 6. e3 Nf6 7. Be2 O-O 8.
O-O d6 9. b3 Bd7 10. Bb2 a6 11. Qd2 Rb8 12. Rfd1 Na7 13. Rac1 b5 14. cxb5 axb5
15. Bf3 b4 16. Ne4 Ng4 17. Be2 Qb6 18. Ng5 h6 19. Ngf3 Rfc8 20. h3 Nf6 21. Bd3
Nd5 22. Be4 Nf6 23. Bb1 Rc5 24. Ne1 Qb7 25. Nd3 Bxh3 26. f3 Rg5 27. Nf4 Bd7 28.
e4 e5 29. Nde2 exf4 30. Nxf4 Nb5 31. Qxb4 Qb6+ 32. Kf1 Rc5 33. Rc4 Qa7 34. Qd2
Rxc4 35. bxc4 Na3 36. Bxf6 Bxf6 37. Bd3 Rb2 38. Qe1 Be5 39. g3 Bc3 0-1

[Event "Nordisk Senior Mesterskab 2013"]
[Site "Allinge"]
[Date "2013.09.07"]
[Round "1"]
[White "Karason, Askell Orn"]
[Black "Svensson, Lars Ake"]
[Result "1/2-1/2"]
[WhiteElo "2205"]
[BlackElo "1977"]
[PlyCount "59"]
[EventDate "2013.??.??"]

1. d4 f5 2. g3 Nf6 3. Bg2 g6 4. Nf3 Bg7 5. O-O O-O 6. Nbd2 d6 7. Re1 Nh5 8. c3
c6 9. Qb3+ Kh8 10. e4 f4 11. Ng5 Qe8 12. Ne6 Bxe6 13. Qxe6 fxg3 14. hxg3 Na6
15. Nf3 Nc7 16. Qb3 Rb8 17. e5 d5 18. e6 Nb5 19. Ne5 Bxe5 20. Rxe5 Nd6 21. Qd1
Rd8 22. b3 Ng7 23. Qe2 Rf5 24. Bh6 Qf8 25. g4 Rxe5 26. Qxe5 Qf6 27. Re1 Qxe5
28. Rxe5 Kg8 29. Bf1 Re8 30. Bc1 1/2-1/2

[Event "Nordisk Senior Mesterskab 2013"]
[Site "Allinge"]
[Date "2013.09.07"]
[Round "1"]
[White "Grahn, Lars"]
[Black "Berkell, Peder"]
[Result "1/2-1/2"]
[WhiteElo "1968"]
[BlackElo "2201"]
[PlyCount "42"]
[EventDate "2013.??.??"]

1. d4 Nf6 2. c4 c5 3. d5 e6 4. Nc3 exd5 5. cxd5 d6 6. Nf3 g6 7. g3 Bg7 8. Bg2
O-O 9. O-O a6 10. a4 Re8 11. Bf4 Ne4 12. Nxe4 Rxe4 13. Nd2 Rxf4 14. gxf4 Bxb2
15. Rb1 Bg7 16. e4 b5 17. Re1 Qh4 18. Qf3 Bg4 19. Qd3 c4 20. Nxc4 bxc4 21. Qxc4
Nd7 1/2-1/2

[Event "Nordisk Senior Mesterskab 2013"]
[Site "Allinge"]
[Date "2013.09.07"]
[Round "1"]
[White "Patola, Eero"]
[Black "Baliuniene, Margarita"]
[Result "0-1"]
[WhiteElo "1956"]
[BlackElo "1834"]
[PlyCount "62"]
[EventDate "2013.??.??"]

1. e4 c5 2. c4 d6 3. Nc3 g6 4. g3 Bg7 5. Bg2 Nc6 6. d3 Nf6 7. Nge2 O-O 8. O-O
Bd7 9. h3 a6 10. f4 Rb8 11. g4 b5 12. Ng3 b4 13. Nce2 Ne8 14. f5 Nd4 15. Be3
Nxe2+ 16. Qxe2 a5 17. h4 e6 18. Bg5 Bd4+ 19. Kh1 f6 20. Bh6 Ng7 21. h5 exf5 22.
hxg6 fxg4 23. Bxg7 Kxg7 24. Nf5+ Bxf5 25. exf5 hxg6 26. Qxg4 Rh8+ 27. Bh3 g5
28. Rab1 Rh4 29. Qf3 Qh8 30. Kg2 g4 31. Qg3 Be5 0-1

[Event "Nordisk Senior Mesterskab 2013"]
[Site "Allinge"]
[Date "2013.09.07"]
[Round "1"]
[White "Wihlborn, Bengt"]
[Black "Kristjansson, Sigurdur"]
[Result "1-0"]
[WhiteElo "1811"]
[BlackElo "1912"]
[PlyCount "91"]
[EventDate "2013.??.??"]

1. Nf3 c5 2. c4 Nc6 3. Nc3 Nf6 4. d4 cxd4 5. Nxd4 g6 6. g3 Bg7 7. Bg2 O-O 8.
Nc2 d6 9. O-O Be6 10. b3 Ne4 11. Nxe4 Bxa1 12. Nxa1 f6 13. Nc3 Bf7 14. Nc2 Rc8
15. Bb2 a6 16. Qd2 Kg7 17. Rd1 Qa5 18. Nd4 Qh5 19. Nd5 Nxd4 20. Bxd4 Bxd5 21.
Bxd5 b5 22. Bb7 Rc7 23. Bxa6 bxc4 24. bxc4 Rb8 25. a4 Qf5 26. Bb5 Qe6 27. Be3
Rxc4 28. Bxc4 Qxc4 29. a5 Rb5 30. Bb6 Rh5 31. Qe3 Re5 32. Qd3 Qc8 33. Qf3 Qa6
34. e3 Rxa5 35. Bxa5 Qxa5 36. Qd5 Qb6 37. Kg2 h5 38. Ra1 f5 39. h4 Qc7 40. Ra8
e6 41. Qa5 Qc6+ 42. Kh2 Qf3 43. Ra7+ Kh6 44. Qd2 e5 45. Kg1 e4 46. Qxd6 1-0

[Event "Nordisk Senior Mesterskab 2013"]
[Site "Allinge"]
[Date "2013.09.07"]
[Round "1"]
[White "Flodmark, Tarras"]
[Black "Ottesen, Soren Rud"]
[Result "1-0"]
[WhiteElo "1900"]
[BlackElo "1768"]
[PlyCount "54"]
[EventDate "2013.??.??"]

1. d4 Nf6 2. c4 e6 3. Nf3 d5 4. e3 Nbd7 5. Nc3 b6 6. cxd5 exd5 7. Ne5 Bb7 8.
Bb5 a6 9. Bc6 Qc8 10. Bxb7 Qxb7 11. O-O Bd6 12. Nxd7 Nxd7 13. Qg4 O-O-O 14. e4
Kb8 15. e5 Be7 16. Qf3 Nf8 17. Qxf7 Ng6 18. f4 Rhf8 19. Qe6 Rfe8 20. Qh3 c5 21.
Be3 cxd4 22. Bxd4 Bc5 23. Qe3 Qc6 24. g3 Bxd4 25. Qxd4 Qc5 26. Rad1 Ne7 27. Rf2
Qc4 1-0

[Event "Nordisk Senior Mesterskab 2013"]
[Site "Allinge"]
[Date "2013.09.07"]
[Round "1"]
[White "Haagen Larsen, Hans"]
[Black "Zachariassen, John"]
[Result "1/2-1/2"]
[WhiteElo "1704"]
[BlackElo "1900"]
[PlyCount "98"]
[EventDate "2013.??.??"]

1. d4 Nf6 2. Bf4 d5 3. Nf3 e6 4. e3 Bd6 5. Ne5 Qe7 6. Nd2 h6 7. h3 O-O 8. Bd3
c5 9. c3 Nc6 10. Ndf3 Nd7 11. Nxc6 bxc6 12. Bxd6 Qxd6 13. e4 e5 14. Qa4 f5 15.
dxe5 Qc7 16. exf5 Nxe5 17. O-O-O Nxd3+ 18. Rxd3 Bxf5 19. Rd2 Rfe8 20. Re1 Rxe1+
21. Nxe1 Re8 22. Nf3 Re4 23. Qd1 Qe7 24. b3 a5 25. Kb2 a4 26. g3 axb3 27. axb3
g5 28. g4 Bg6 29. Qa1 Qe6 30. Qa8+ Kg7 31. Qa7+ Qe7 32. Qxe7+ Rxe7 33. b4 Be4
34. Ng1 cxb4 35. cxb4 Kf6 36. f3 Bg6 37. Ne2 Ke5 38. Nd4 Kd6 39. Re2 Rxe2+ 40.
Nxe2 c5 41. bxc5+ Kxc5 42. Kc3 Bb1 43. Nd4 Kd6 44. Kd2 Ke5 45. Ke3 Bg6 46. Ne2
Be8 47. Nd4 h5 48. Nc2 hxg4 49. hxg4 Bd7 1/2-1/2

[Event "Nordisk Senior Mesterskab 2013"]
[Site "Allinge"]
[Date "2013.09.07"]
[Round "1"]
[White "Larsen, Arne Walther"]
[Black "Kraft, Rene"]
[Result "1-0"]
[WhiteElo "1873"]
[BlackElo "1696"]
[PlyCount "79"]
[EventDate "2013.??.??"]

1. Nf3 b6 2. g3 Bb7 3. Bg2 e6 4. c4 c5 5. O-O Nc6 6. d3 Nd4 7. Nxd4 Bxg2 8.
Nxe6 dxe6 9. Kxg2 Nf6 10. Nc3 Be7 11. a3 O-O 12. Rb1 Qc7 13. b4 Qc6+ 14. Kg1
Rad8 15. Qc2 Rd7 16. Bg5 h6 17. Bxf6 Bxf6 18. Ne4 Be7 19. bxc5 f5 20. Nd6 Qxc5
21. Nb5 Bf6 22. a4 a6 23. Nc3 h5 24. e3 h4 25. Ne2 e5 26. Qb3 Bd8 27. d4 exd4
28. exd4 Qe7 29. Rbe1 Qf6 30. d5 Bc7 31. c5 Kh8 32. d6 Bd8 33. Nf4 hxg3 34.
hxg3 Kh7 35. Kg2 Qf7 36. Qxf7 Rfxf7 37. Rh1+ Kg8 38. Ng6 Rf6 39. Rh8+ Kf7 40.
Ne5+ 1-0

[Event "Nordisk Senior Mesterskab 2013"]
[Site "Allinge"]
[Date "2013.09.07"]
[Round "1"]
[White "Christiansen, Niels Jorgen"]
[Black "Thjomoe, Hans Richard"]
[Result "1/2-1/2"]
[WhiteElo "1669"]
[BlackElo "1862"]
[PlyCount "66"]
[EventDate "2013.??.??"]

1. d4 Nf6 2. c4 g6 3. Nc3 Bg7 4. e4 d6 5. Nf3 O-O 6. Bg5 h6 7. Bh4 g5 8. Bg3
Bg4 9. Be2 Nc6 10. h4 Nh7 11. e5 f5 12. hxg5 Bxf3 13. Bxf3 Nxg5 14. Bxc6 bxc6
15. f4 Ne6 16. d5 Nc5 17. Qf3 dxe5 18. fxe5 e6 19. Bf4 exd5 20. Qg3 Qe8 21.
O-O-O dxc4 22. Bxh6 Qxe5 23. Qxe5 Bxe5 24. Bxf8 Nd3+ 25. Rxd3 cxd3 26. Bc5 Re8
27. Rf1 f4 28. Kd2 Re6 29. Rf3 Rg6 30. Rxd3 Rxg2+ 31. Ne2 Bxb2 32. Ke1 Be5 33.
Bxa7 Bd6 1/2-1/2

[Event "Nordisk Senior Mesterskab 2013"]
[Site "Allinge"]
[Date "2013.09.07"]
[Round "1"]
[White "Lykke, Hans Christian"]
[Black "Bjorgvik, Jan Arne"]
[Result "0-1"]
[WhiteElo "1252"]
[BlackElo "1840"]
[PlyCount "62"]
[EventDate "2013.??.??"]

1. d4 d5 2. Nc3 e6 3. e4 dxe4 4. f3 c5 5. d5 exd5 6. Nxd5 Be6 7. Bb5+ Nc6 8. c4
a6 9. Ba4 Nf6 10. Bxc6+ bxc6 11. Qa4 Bxd5 12. cxd5 Qxd5 13. Bf4 exf3 14. Nxf3
Bd6 15. O-O Bxf4 16. Rfe1+ Kf8 17. Qxf4 Rd8 18. Re5 Qd6 19. Qa4 g6 20. Qxa6 Kg7
21. Qc4 Nd5 22. Rae1 h6 23. Qc1 Nb4 24. Re7 Nd3 25. Qc3+ Qf6 26. R1e6 Qxc3 27.
bxc3 Ra8 28. Ne5 Nxe5 29. Rxe5 Rxa2 30. Rxc5 Rd8 31. Re1 Rdd2 0-1

[Event "Nordisk Senior Mesterskab 2013"]
[Site "Allinge"]
[Date "2013.09.08"]
[Round "2"]
[White "Kristiansen, Jens"]
[Black "Westerinen, Heikki"]
[Result "1-0"]
[WhiteElo "2403"]
[BlackElo "2281"]
[PlyCount "117"]
[EventDate "2013.??.??"]

1. d4 d5 2. c4 dxc4 3. Nf3 a6 4. e3 b5 5. a4 Bb7 6. b3 e6 7. bxc4 bxc4 8. Bxc4
Nf6 9. O-O Be7 10. Nc3 O-O 11. Rb1 Ra7 12. Qe2 c5 13. dxc5 Bxc5 14. e4 Qc7 15.
e5 Nfd7 16. Bf4 Bxf3 17. Qxf3 Bd4 18. Ne2 Bxe5 19. Rfc1 Bxf4 20. Nxf4 Ne5 21.
Qe4 Nxc4 22. Rxc4 Qd6 23. g3 g6 24. a5 Rc7 25. Rb6 Rxc4 26. Qxc4 Qd7 27. Qe4
Rc8 28. h4 Nc6 29. Rxa6 Qd4 30. Qxd4 Nxd4 31. Rb6 Ra8 32. a6 Kg7 33. Nd3 Ne2+
34. Kg2 Nc3 35. Nb4 Kf6 36. Kf3 h5 37. Rb7 Na4 38. a7 Nc5 39. Rc7 Nb3 40. Nc6
Nd2+ 41. Ke3 Nc4+ 42. Kd4 Nd6 43. Rd7 Nc8 44. Kc5 e5 45. Rb7 Nxa7 46. Rxa7 Rxa7
47. Nxa7 Kf5 48. Kd5 f6 49. Nc6 g5 50. Ne7+ Kg4 51. hxg5 fxg5 52. Ke4 h4 53.
gxh4 gxh4 54. Ng6 Kh3 55. Nxh4 Kxh4 56. Kxe5 Kg5 57. f4+ Kg6 58. Ke6 Kg7 59. f5
1-0

[Event "Nordisk Senior Mesterskab 2013"]
[Site "Allinge"]
[Date "2013.09.08"]
[Round "2"]
[White "Malmdin, Nils Ake"]
[Black "Sloth, Jorn"]
[Result "0-1"]
[WhiteElo "2230"]
[BlackElo "2330"]
[PlyCount "64"]
[EventDate "2013.??.??"]

1. e4 Nf6 2. e5 Nd5 3. d4 d6 4. c4 Nb6 5. exd6 exd6 6. Nc3 Nc6 7. Be3 Bf5 8. g4
Bg6 9. b3 h5 10. gxh5 Bxh5 11. Be2 g6 12. Qd2 Bg7 13. O-O-O d5 14. c5 Nc8 15.
Bxh5 Rxh5 16. Nge2 N8e7 17. Nf4 Rh4 18. Rde1 Kf8 19. Kb1 Qd7 20. Kb2 b6 21.
cxb6 axb6 22. Ng2 Rxd4 23. Bxd4 Nxd4 24. a4 b5 25. Ka2 c5 26. Nf4 c4 27. b4 Nb3
28. Rxe7 Qxe7 29. Qxd5 Rd8 30. Qf3 Qf6 31. Re1 Kg8 32. Re3 Qd4 0-1

[Event "Nordisk Senior Mesterskab 2013"]
[Site "Allinge"]
[Date "2013.09.08"]
[Round "2"]
[White "Svensson, Lars Ake"]
[Black "Sorensen, Bent"]
[Result "1/2-1/2"]
[WhiteElo "1977"]
[BlackElo "2257"]
[PlyCount "43"]
[EventDate "2013.??.??"]

1. e4 e6 2. d3 d5 3. Nd2 Nf6 4. Ngf3 c5 5. g3 Nc6 6. Bg2 b6 7. O-O Bb7 8. Re1
Qc7 9. e5 Nd7 10. Qe2 O-O-O 11. Nf1 h6 12. h4 g6 13. c3 Ba6 14. Bf4 Be7 15.
N1h2 Rdg8 16. Ng4 g5 17. hxg5 hxg5 18. Bd2 Kb8 19. Rab1 Bc8 20. b4 Ka8 21. b5
Nd8 22. a4 1/2-1/2

[Event "Nordisk Senior Mesterskab 2013"]
[Site "Allinge"]
[Date "2013.09.08"]
[Round "2"]
[White "Hvenekilde, Jorgen"]
[Black "Karason, Askell Orn"]
[Result "1/2-1/2"]
[WhiteElo "2120"]
[BlackElo "2205"]
[PlyCount "33"]
[EventDate "2013.??.??"]

1. e4 d6 2. d4 Nf6 3. Nc3 g6 4. Be2 Bg7 5. Be3 a6 6. g4 d5 7. f3 dxe4 8. fxe4
h5 9. gxh5 Nxh5 10. Nf3 b5 11. Rg1 Nf6 12. Qd3 Ng4 13. Bf4 Nc6 14. Nd5 e5 15.
Bg3 Be6 16. c4 O-O 17. Bh4 1/2-1/2

[Event "Nordisk Senior Mesterskab 2013"]
[Site "Allinge"]
[Date "2013.09.08"]
[Round "2"]
[White "Johnsen, Gunnar"]
[Black "Grahn, Lars"]
[Result "1/2-1/2"]
[WhiteElo "2171"]
[BlackElo "1968"]
[PlyCount "38"]
[EventDate "2013.??.??"]

1. d4 f5 2. g3 Nf6 3. Bg2 g6 4. Nf3 Bg7 5. O-O O-O 6. c4 d6 7. Nc3 c6 8. Qc2
Qc7 9. e4 fxe4 10. Nxe4 Bf5 11. Nh4 Nxe4 12. Bxe4 Bh3 13. Rd1 e6 14. Bg5 Qf7
15. Bf4 Qe7 16. Bxg6 hxg6 17. Nxg6 Qf7 18. Nxf8 Qxf8 19. Qe2 Nd7 1/2-1/2

[Event "Nordisk Senior Mesterskab 2013"]
[Site "Allinge"]
[Date "2013.09.08"]
[Round "2"]
[White "Grabow, Pouelsten Holm"]
[Black "Nielsen, Jens Holm"]
[Result "1-0"]
[WhiteElo "2157"]
[BlackElo "1847"]
[PlyCount "121"]
[EventDate "2013.??.??"]

1. d4 d5 2. c4 c6 3. cxd5 cxd5 4. Nf3 Nf6 5. Nc3 e6 6. Bf4 Bd6 7. Bxd6 Qxd6 8.
Rc1 Nc6 9. e3 a6 10. Be2 O-O 11. O-O b5 12. a3 Bb7 13. b4 Ne4 14. Nxe4 dxe4 15.
Nd2 Ne7 16. Nb3 f5 17. Nc5 Bd5 18. a4 Bc6 19. axb5 Bxb5 20. Bxb5 axb5 21. Qe2
Rab8 22. Ra1 Nd5 23. Ra6 Rb6 24. Qxb5 Rxb5 25. Rxd6 Nxb4 26. Rxe6 Nd3 27. Rc6
Nxc5 28. Rxc5 Rxc5 29. dxc5 Rc8 30. Rc1 Rc6 31. f3 Kf7 32. fxe4 fxe4 33. Rc4
Kf6 34. Rxe4 Rxc5 35. Kf2 g5 36. Ra4 h5 37. h3 Ke5 38. Kf3 Rb5 39. Ra6 Rc5 40.
g4 hxg4+ 41. hxg4 Rc1 42. Rg6 Rf1+ 43. Ke2 Rg1 44. Rxg5+ Ke4 45. Kf2 Rb1 46.
Rg8 Rb2+ 47. Kg3 Kxe3 48. Re8+ Kd4 49. Kf4 Rf2+ 50. Kg5 Kd5 51. Kg6 Kd6 52. g5
Kd7 53. Re4 Rg2 54. Kf6 Rf2+ 55. Kg7 Rg2 56. g6 Rg1 57. Kf7 Rf1+ 58. Kg8 Kd8
59. g7 Kd7 60. Rh4 Ke7 61. Kh8 1-0

[Event "Nordisk Senior Mesterskab 2013"]
[Site "Allinge"]
[Date "2013.09.08"]
[Round "2"]
[White "Wihlborn, Bengt"]
[Black "Flodmark, Tarras"]
[Result "1/2-1/2"]
[WhiteElo "1811"]
[BlackElo "1900"]
[PlyCount "38"]
[EventDate "2013.??.??"]

1. Nf3 Nf6 2. c4 e6 3. Nc3 d5 4. d4 Nbd7 5. e3 c6 6. Bd3 Bd6 7. O-O O-O 8. e4
dxe4 9. Nxe4 Nxe4 10. Bxe4 h6 11. Bc2 e5 12. Be3 f5 13. dxe5 Nxe5 14. Qe2 Nxf3+
15. Qxf3 Qf6 16. Rab1 Be6 17. b3 Be5 18. Rbd1 Rfc8 19. Bf4 Bxf4 1/2-1/2

[Event "Nordisk Senior Mesterskab 2013"]
[Site "Allinge"]
[Date "2013.09.08"]
[Round "2"]
[White "Zachariassen, John"]
[Black "Christiansen, Niels Jorgen"]
[Result "1-0"]
[WhiteElo "1900"]
[BlackElo "1669"]
[PlyCount "49"]
[EventDate "2013.??.??"]

1. c4 Nf6 2. Nf3 e6 3. g3 d5 4. b3 c5 5. Bg2 Nc6 6. O-O Bd6 7. d3 O-O 8. Nbd2
Re8 9. Rb1 Qa5 10. a3 d4 11. Ng5 e5 12. Nde4 Be7 13. b4 Qc7 14. Bd2 Nd8 15.
bxc5 Rb8 16. Qa4 Bd7 17. Qxa7 Nxe4 18. Nxe4 f5 19. Nd6 Bxd6 20. cxd6 Qxd6 21.
Bxb7 Rxb7 22. Qxb7 Bc6 23. Qb3 g5 24. c5+ Kh8 25. cxd6 1-0

[Event "Nordisk Senior Mesterskab 2013"]
[Site "Allinge"]
[Date "2013.09.08"]
[Round "2"]
[White "Thjomoe, Hans Richard"]
[Black "Haagen Larsen, Hans"]
[Result "1-0"]
[WhiteElo "1862"]
[BlackElo "1704"]
[PlyCount "69"]
[EventDate "2013.??.??"]

1. e4 e6 2. d4 d5 3. Nd2 c5 4. c3 cxd4 5. cxd4 dxe4 6. Nxe4 Nd7 7. Nf3 Ngf6 8.
Ng3 Bb4+ 9. Bd2 Nd5 10. Bc4 Bxd2+ 11. Qxd2 N7f6 12. O-O Bd7 13. Ne5 Rc8 14. f3
a6 15. Ne4 O-O 16. Rfe1 Nb6 17. Bb3 Bb5 18. Rad1 Qe7 19. Qg5 Nfd5 20. Qg3 Nc4
21. Qf2 Ncb6 22. f4 f6 23. Nd3 Rc6 24. Nec5 Bxd3 25. Rxd3 Re8 26. f5 e5 27. Qf3
Rxc5 28. dxc5 Qxc5+ 29. Kh1 e4 30. Qd1 Re5 31. Rd4 Rxf5 32. Rexe4 g6 33. g4 Re5
34. Rxe5 fxe5 35. Rxd5 1-0

[Event "Nordisk Senior Mesterskab 2013"]
[Site "Allinge"]
[Date "2013.09.08"]
[Round "2"]
[White "Kraft, Rene"]
[Black "Patola, Eero"]
[Result "1/2-1/2"]
[WhiteElo "1696"]
[BlackElo "1956"]
[PlyCount "108"]
[EventDate "2013.??.??"]

1. c4 f5 2. Nc3 Nf6 3. b3 g6 4. Bb2 Bg7 5. Nd5 O-O 6. Nxf6+ Bxf6 7. Bxf6 Rxf6
8. Nf3 d6 9. e3 e5 10. Be2 Nc6 11. O-O e4 12. Ne1 Qf8 13. d4 Qh6 14. g3 g5 15.
Ng2 Qh3 16. f4 Rh6 17. fxg5 Qxh2+ 18. Kf2 Rh3 19. Rh1 Qxg3+ 20. Kg1 Qxe3+ 21.
Nxe3 Rxe3 22. a3 f4 23. b4 Bd7 24. b5 Ne7 25. Kf2 Rg3 26. d5 Nf5 27. Bg4 Ne3
28. Bxd7 Nxd1+ 29. Raxd1 Rxg5 30. Rdg1 Rg7 31. Bf5 e3+ 32. Kf3 Rxg1 33. Rxg1+
Kf7 34. Kxf4 e2 35. Re1 a6 36. a4 axb5 37. axb5 Ra4 38. Bd3 c6 39. Ke3 cxd5 40.
cxd5 h5 41. Rxe2 h4 42. Rf2+ Ke7 43. Rc2 Kd8 44. Bf5 Rb4 45. Rc8+ Ke7 46. Rc7+
Kf6 47. Bd7 b6 48. Rb7 Ke5 49. Rxb6 Kxd5 50. Rb8 Kc5 51. Rc8+ Kb6 52. Rc6+ Kxb5
53. Rxd6+ Kc5 54. Rg6 Kd5 1/2-1/2

[Event "Nordisk Senior Mesterskab 2013"]
[Site "Allinge"]
[Date "2013.09.08"]
[Round "2"]
[White "Ottesen, Soren Rud"]
[Black "Lykke, Hans Christian"]
[Result "1-0"]
[WhiteElo "1768"]
[BlackElo "1252"]
[PlyCount "53"]
[EventDate "2013.??.??"]

1. e4 d5 2. exd5 Nf6 3. d4 Nxd5 4. Nc3 Nc6 5. Bc4 Nxc3 6. bxc3 e6 7. Nf3 b6 8.
Bb5 Bd7 9. Qe2 Ne7 10. Ne5 c6 11. Qf3 f6 12. Nxc6 Qc8 13. Nxe7 Bxe7 14. Bxd7+
Kxd7 15. O-O h5 16. Rd1 g5 17. d5 Bd6 18. dxe6+ Ke7 19. Bxg5 Be5 20. Rd7+ Kxe6
21. Qd5+ Kf5 22. Bxf6 Kxf6 23. Qf7+ Kg5 24. h4+ Kxh4 25. g3+ Kg4 26. Qg6+ Kf3
27. Rd3+ 1-0

[Event "Nordisk Senior Mesterskab 2013"]
[Site "Allinge"]
[Date "2013.09.09"]
[Round "3"]
[White "Sloth, Jorn"]
[Black "Kristiansen, Jens"]
[Result "1/2-1/2"]
[WhiteElo "2330"]
[BlackElo "2403"]
[PlyCount "43"]
[EventDate "2013.??.??"]

1. Nf3 f5 2. g3 Nf6 3. Bg2 g6 4. c4 Bg7 5. Nc3 O-O 6. d4 d6 7. d5 Na6 8. Nd4
Nc5 9. O-O a5 10. Rb1 Bd7 11. b3 Qe8 12. a3 c6 13. Bb2 e5 14. dxe6 Bxe6 15. b4
axb4 16. axb4 Nce4 17. Nxe4 Nxe4 18. Bxe4 fxe4 19. Nxe6 Qxe6 20. Bxg7 Kxg7 21.
Qd4+ Kg8 22. Ra1 1/2-1/2

[Event "Nordisk Senior Mesterskab 2013"]
[Site "Allinge"]
[Date "2013.09.09"]
[Round "3"]
[White "Flodmark, Tarras"]
[Black "Thjomoe, Hans Richard"]
[Result "0-1"]
[WhiteElo "1900"]
[BlackElo "1862"]
[PlyCount "102"]
[EventDate "2013.??.??"]

1. d4 Nf6 2. Nf3 g6 3. c4 Bg7 4. g3 c5 5. Nc3 cxd4 6. Nxd4 O-O 7. Bg2 Nc6 8.
Nxc6 bxc6 9. O-O Bb7 10. e4 c5 11. Be3 d6 12. h3 Qd7 13. Qd2 Qe6 14. Nd5 Nxe4
15. Qc2 Nxg3 16. Rfe1 Nf5 17. Bg5 Be5 18. f4 h6 19. fxe5 hxg5 20. exd6 Qxd6 21.
Nxe7+ Nxe7 22. Bxb7 Rab8 23. Bg2 Qd4+ 24. Qf2 Qxf2+ 25. Kxf2 Rxb2+ 26. Re2 Rfb8
27. Rae1 Nf5 28. Kg1 Kg7 29. Rxb2 Rxb2 30. Re5 Rxa2 31. Rxc5 Rc2 32. Bd5 Ne7
33. Be4 Rc3 34. Kg2 f5 35. Bf3 Rc2+ 36. Kg1 Kf6 37. Kf1 a5 38. Be2 a4 39. Ra5
Ra2 40. c5 Rc2 41. Rxa4 Rxc5 42. Bf3 Ke5 43. Ra7 Kf4 44. Ba8 Nd5 45. Bxd5 Rxd5
46. Ra6 Kg3 47. Rxg6 f4 48. h4 g4 49. Rg5 Rd1+ 50. Ke2 Rh1 51. h5 f3+ 0-1

[Event "Nordisk Senior Mesterskab 2013"]
[Site "Allinge"]
[Date "2013.09.09"]
[Round "3"]
[White "Westerinen, Heikki"]
[Black "Svensson, Lars Ake"]
[Result "1/2-1/2"]
[WhiteElo "2281"]
[BlackElo "1977"]
[PlyCount "130"]
[EventDate "2013.??.??"]

1. e4 c5 2. Nf3 d6 3. d4 cxd4 4. Nxd4 Nf6 5. Nc3 a6 6. a4 e6 7. Be2 Be7 8. O-O
O-O 9. Be3 Qc7 10. Qd2 b6 11. f4 Bb7 12. Bf3 Nbd7 13. Rae1 Rac8 14. Bf2 Rfd8
15. Qe2 e5 16. Nf5 Bf8 17. fxe5 dxe5 18. Bh4 Re8 19. Rd1 g6 20. Ne3 Bg7 21. Rd2
Ra8 22. Rfd1 Nf8 23. Qc4 Qb8 24. Rd6 Re6 25. Qb4 Qa7 26. Bf2 Rxd6 27. Qxd6 N8d7
28. Nc4 Bf8 29. Qd3 Nc5 30. Qe2 Re8 31. b4 Ncd7 32. Nxb6 Nxb6 33. a5 Bxb4 34.
axb6 Qa8 35. Bh4 Bxc3 36. Bxf6 Bd4+ 37. Kh1 Re6 38. Bg5 Qc8 39. Bg4 Qc6 40.
Bxe6 Qxe6 41. Rb1 h5 42. Be3 Qa2 43. Rf1 Bxe3 44. Qxe3 Qxc2 45. Qf2 Qb3 46. Qf6
Qc4 47. Rd1 Kh7 48. Qxe5 Bxe4 49. Re1 Bb7 50. Kg1 Qc6 51. Qb2 Qc5+ 52. Qf2 Qd5
53. h3 a5 54. Re2 Qd1+ 55. Re1 Qd5 56. Rf1 Kg8 57. Qb2 Qe4 58. Rd1 Qe3+ 59. Kh2
Qe7 60. Qd4 Kh7 61. Qd7 Qe5+ 62. Kh1 Bxg2+ 63. Kxg2 Qe2+ 64. Kg1 Qe3+ 65. Kg2
Qe2+ 1/2-1/2